Big Size Kia Sorento 2.5 CRDi

Bibliographic Details
Main Author: Kríž, Ľuboš (Author)
Format: Article
Language:Slovak
PhysicalDescription:Fotogr., tab.
ISSN:1335-0730
Subjects:

MARC

LEADER 00000nab a2200000 ar4500
001 vtls008957660
003 SK-MaSNL
005 20260303070957.0
008 070321c2007 xo wr|p|||||||000 b|slo
015 |a SNBRB2007/03  |2 snkbucl 
038 |a SNKBUCL 
040 |a SNKBUCL  |b slo  |c SNKBUCL  |e AACR2 
041 0 |a slo 
044 |a xo  |c SK 
080 |a 629.331.1  |2 1997 
100 1 |a Kríž, Ľuboš  |4 aut  |9 267426 
245 1 0 |a Big Size  |b Kia Sorento 2.5 CRDi  |c Ľuboš Kríž 
300 |b Fotogr., tab. 
650 0 7 |a KIA Sorento (osobný automobil)  |2 snkbucl  |9 858231 
650 0 7 |a technické parametre  |2 snkbucl  |9 452097 
650 0 7 |a osobné automobily  |2 snkbucl  |9 26643 
773 0 |t Stop  |g Roč. XXXVII, č. 4 (2007), s. 10-11  |x 1335-0730 
852 |a SNK  |b KIS3GCP 
999 |c 1757788  |d 1759718